| 000 | 00452cam a22001694a 4500 | ||
|---|---|---|---|
| 005 | 20250605163635.0 | ||
| 008 | 250528s ||||||||||||||||||||||||d | ||
| 035 | _a23287 | ||
| 040 |
_aGR-AtMCL _bgre _dGR-AtMCL _eAACR2 |
||
| 245 | 1 | _aΕλληνικό Γενικό Λογιστικό Σχέδιο | |
| 250 | _a2η | ||
| 260 |
_bΑυτοεκδοση _bΕΛΚΕΠΑ, _c1995 |
||
| 300 | _a802 | ||
| 942 | _cBK | ||
| 999 |
_c8315 _d8315 |
||